Všetko o papagájoch

Bibliographic Details
Main Author: Bielfeld, Horst (Author, Photographer)
Other Authors: Wothe, Konrad (Photographer), Bielfeld, Volker (Photographer), Kuhn, Ute (Illustrator), Scholz, Gerhard (Illustrator), Galanová, Helena, 1949- (Translator)
Format: Book
Language:Slovak
German
PhysicalDescription:80 s. fotogr., ilustr. 20 cm
Published: Bratislava Art Area 1997
ISBN:8088879132
Subjects:

MARC

LEADER 00000cam a2200000 a 4500
001 vtls001322558
003 SK-MaSNL
005 20260302033219.0
008 240226s1997 xo oa 001 0 slo
015 |a SNBA1998/06-02051 
020 |a 8088879132  |q (brož.) 
035 |a SNK000275238 
035 |a urn:nbn:sk:snk-amku7i 
035 |a urn:nbn:sk:snk-am004q5c 
035 |a 910EA452-063E-421A-96F0-13ED487C8253 
040 |a SNK  |b slo  |c SNK  |e AACR2 
041 1 |a slo  |h ger 
044 |a xo  |c SK 
080 |a 636.68(035)  |2 1981 
100 1 |a Bielfeld, Horst  |4 aut  |4 pht  |9 42889 
240 1 0 |a Alles über Papageien  |l Slovensky 
245 1 0 |a Všetko o papagájoch  |c Horst Bielfeld ; [z nemeckého originálu ... preložila Helena Galanová] ; ilustr. Ute Kuhn, Gerhard Scholz ; fotogr. Horst a Volker Bielfeld, Konrad Wothe 
260 |a Bratislava  |b Art Area  |c 1997 
300 |a 80 s.  |b fotogr., ilustr.  |c 20 cm 
500 |a Fareb. fotogr. na tit. strane a front. 
500 |a Údaj o prekl. prevzatý z rubu tit. strany 
504 |a Reg. 
650 0 7 |a papagáje  |2 SNKPH  |9 66805 
650 0 7 |a chovateľstvo  |2 SNKPH  |9 19447 
655 7 |a príručky  |2 SNKPH  |9 74364 
700 1 |a Wothe, Konrad  |4 pht  |9 386915 
700 1 |a Bielfeld, Volker  |4 pht  |9 42890 
700 1 |a Kuhn, Ute  |4 ill  |9 45101 
700 1 |a Scholz, Gerhard  |4 ill  |9 46769 
700 1 |a Galanová, Helena,  |d 1949-  |4 trl  |9 191983 
919 |a 80-88879-13-2 
958 |a TL 
958 |a OP 
958 |a NS 
958 |a DE 
968 |a SLO  |b DT 
999 |c 1060697  |d 1062627 
952 |t P60, <09>, [BOOK], {629}  |a SNK  |b SNK  |y NEVYP  |7 0  |o snkD 35  |i snk385/980306  |0 0  |1 0  |4 0  |d 1998-03-02  |l 0  |r 2005-01-02 00:00:00  |w 2026-02-24 
952 |t P60, <03>, [BOOK], {603}  |a SNK  |b SNK  |y PREZ  |7 0  |p 17A0125665  |o snkSD 69294  |i snkKSP 2091/98  |0 0  |1 0  |4 0  |d 1998-03-02  |l 0  |r 2005-01-02 00:00:00  |w 2026-02-24 
952 |t P60, <04>, [BOOK], {604}  |a SNK  |b SNK  |y VYP  |7 0  |p 17A0125664  |o snkSD 69294 D1  |i snkKSP 2092/98  |0 0  |1 0  |4 0  |d 1998-03-02  |f 1  |l 0  |r 2005-01-02 00:00:00  |w 2026-02-24